| 000 | 01463nam0a2200385 4500 | ||
|---|---|---|---|
| 001 | RU\NLR\BIBL_A\011734512 | ||
| 005 | 20180924095718.0 | ||
| 010 |
_a978-5-00053-745-9 _92000 |
||
| 021 |
_aRU _bКН-П-18-036370 _9КН-П-18-2637 |
||
| 035 | _a(NLR Aleph) 011734512 | ||
| 035 | _a(RuMoRGB)009636551 | ||
| 090 |
_a11546760 _c11546760 |
||
| 100 | _a20180621d2018 e y0rusy50 ca | ||
| 101 | 0 | _arus | |
| 102 | _aRU | ||
| 105 | _aa z y | ||
| 200 | 1 |
_aО травах и траволечении _fВ. В. Петренко, Е. Е. Дерюгин |
|
| 205 | _a10-е изд. | ||
| 210 |
_aМосква _cАмрита-Русь _cСвет _d2018 |
||
| 215 |
_a189 с. _cил., табл. _d20 |
||
| 225 | 1 | _aТайны вашего здоровья | |
| 333 | _aДля лиц старше 16 лет | ||
| 606 | 1 |
_aЛекарственные растения _jПопулярные издания _2nlr_sh1 _2nlr_sh2 _3RU\NLR\AUTH\6612406 |
|
| 606 | 1 |
_aФитотерапия _jПопулярные издания _2nlr_sh1 _2nlr_sh2 _3RU\NLR\AUTH\6628908 |
|
| 686 |
_aР352.5я97 _2rubbk |
||
| 686 |
_aР282.11я9 _2rubbk |
||
| 686 | 1 | _aР282.11я9 | |
| 686 | 1 | _aР352.5я9 | |
| 700 | 1 |
_aПетренко _bВ. В. _f1932- _gВалентина Васильевна |
|
| 701 | 1 |
_aДерюгин _bЕ. Е. _gЕвгений Евгеньевич |
|
| 942 | _cBOOK | ||
| 980 | _aNBR | ||
| 980 | _aNB | ||